| 000 | 02111cam a22003618a 4500 | ||
|---|---|---|---|
| 001 | 15441987 | ||
| 005 | 20081202104330.0 | ||
| 008 | 080905s2008 stk b 000 0 eng | ||
| 010 |
_a 2008039384 _z 2008431744 |
||
| 020 | _a9780443101557 | ||
| 035 | _a(DNLM)101483382 | ||
| 040 |
_aDNLM/DLC _cDLC _dDLC |
||
| 042 | _apcc | ||
| 050 | 0 | 0 |
_aRA418 _b.S67375 2008 |
| 060 | 1 | 0 |
_aWY 86 _bS678 2008 |
| 082 | 0 | 0 |
_a362.1 _222 _bSOC NR |
| 245 | 0 | 0 |
_aSociology in nursing and health care / _cEdited by Hannah Cooke, Susan Philpin. |
| 260 |
_aEdinburgh ; _bElsevier, _cc2008. |
||
| 300 |
_axii, 232 p. ; _c24 cm. |
||
| 504 | _aIncludes bibliographical references and index. | ||
| 505 | 0 | _aThinking sociologically about families and health / Lyn Gardner -- Thinking sociologically about religion and health / Hannah Cooke -- Work, professionalism, and organisational life / Hannah Cooke -- Social class, poverty, and health / Ronnie Moore -- Inequalities and health disadvantage / Ronnie Moore -- Healthcare policy and organisational change / Gillian Olumide and Hannah Cooke -- Power and communication in healthcare / Martin Johnson -- Nursing and nursing professionalism / Hannah Cooke -- Partnerships and care in the community / Susan Lambert -- Understandings of health, illness, risk, and bodies / Susan Philpin -- Lay understandings of health and risk : a changing picture / Lindsay Prior -- Experiencing ill-health / Susan Philpin -- Social responses to illness and disability / Susan Philpin -- Death and dying / Hannah Cooke. | |
| 650 | 0 | _aSocial medicine. | |
| 650 | 0 |
_aNursing _xSocial aspects. |
|
| 650 | 1 | 2 | _aPhilosophy, Nursing. |
| 650 | 2 | 2 |
_aNurses _xpsychology. |
| 650 | 2 | 2 |
_aNursing Care _xpsychology. |
| 650 | 2 | 2 | _aSociology, Medical. |
| 700 | 1 | _aCooke, Hannah. | |
| 700 | 1 | _aPhilpin, Susan. | |
| 942 |
_2ddc _cBB |
||
| 999 |
_c10888 _d10888 |
||